| 000 | 00697nam a22002297a 4500 | ||
|---|---|---|---|
| 005 | 20240802123728.0 | ||
| 008 | 970904m19271929ii a 001 0aeng | ||
| 010 | _aENG-141146 | ||
| 020 |
_a9789355438829 _c175.00 |
||
| 035 | _aEN-124678 | ||
| 037 | _bDBAD | ||
| 040 | _aDPL | ||
| 082 |
_a371.3943 _23 |
||
| 100 |
_aMahatria Ra _969286 |
||
| 245 |
_aClarity is Power: _bLeadership and Entrepreneurship/ _cBy Mahatria Ra |
||
| 250 | _a3 | ||
| 260 |
_aBhopal _bManjul Publishing House _c2024 |
||
| 270 |
_a2nd Floor, Usha Preet Complex, Malviya Nagar _bBhopal _e462003 |
||
| 300 |
_a64p. _c22cm.(Pb) |
||
| 650 |
_aLeadership _969287 |
||
| 942 |
_2ddc _cEN _mMAH _h371.3943 _e3 |
||
| 999 |
_c204735 _d204735 |
||